| 000 | 00624nam a2200205Ia 4500 | ||
|---|---|---|---|
| 001 | 5190 | ||
| 003 | GE_BSU | ||
| 008 | 181216s||||||||xx |||||||||||||| ||und|| | ||
| 040 | _cGE_BSU | ||
| 080 | _a514 | ||
| 100 | _aБолтянский, В. Т. Гохберт, И.Ц. | ||
| 245 | _aТеоремы и задачи комбинаторной геометрии | ||
| 245 | _cРед. И.Е. Морозов | ||
| 260 | _aМосква | ||
| 260 | _bНаука | ||
| 260 | _c1965 | ||
| 300 | _a106 с.20см. | ||
| 653 | _aТеоремы и задачи комбинаторной геометрии | ||
| 942 | _cBK | ||
| 999 |
_c38813 _d38813 |
||